Liquidación de la Mancomunidad de Cataluña / [Comisión Gestora Interina de los Servicios Coordinados de la Mancomunidad de Cataluña]
Descripción Física:
294 p. ; 22 cm
MARC
| LEADER | 00000nam a2200000Ia 4500 | ||
|---|---|---|---|
| 001 | 495 | ||
| 008 | 160829s1926 xx 000 0 cat d | ||
| 610 | 1 | 0 | |a Catalunya. |b Mancomunitat |x Assignacions pressupostàries i despeses |9 55730 |
| 710 | 2 | |a Catalunya. |b Mancomunitat |9 53015 | |
| 856 | 4 | |u https://media.diba.cat/diba/fitxers/arxiu/mancomunitat/bib_495_1926_web.pdf |y Accés lliure | |
| 952 | |0 0 |1 0 |4 0 |6 M3161 |7 1 |9 54565 |a Arxiu |b Arxiu |d 2016-12-01 |l 0 |o M-3-161 |p 495 |r 2016-12-01 00:00:00 |w 2016-12-01 |y ARXIU | ||
| 999 | |c 58434 |d 58434 | ||
| 080 | |a M-3-161 | ||
| 100 | |a Catalunya. Comissió Gestora Interina dels Serveis Coordinats |9 48462 | ||
| 245 | |a Liquidación de la Mancomunidad de Cataluña / [Comisión Gestora Interina de los Servicios Coordinados de la Mancomunidad de Cataluña] | ||
| 260 | |a Barcelona : |b (Imp. de la Casa Prov. de Caridad), |c 1926 | ||
| 300 | |a 294 p. ; |c 22 cm | ||
| 590 | |a Un exemplar mecanografiat d'aquesta obra es troba a OP-6092. | ||
| 590 | |a Hi ha un duplicat amb R. 1832 a: DUP-9 | ||
| 650 | |a Catalunya. Mancomunitat |x Memòries |9 48463 | ||
| 901 | |a Arxiu | ||
| 942 | |n 1 |2 udc | ||